000 00489nab a2200145Ia 4500
003 ES-SlBCS
005 20210601125514.0
008 140529s1998 xxu||||| |||| 00| 0 eng d
041 _aeng
100 1 _aEng, Pierre Van Der
_9159481
245 0 0 _aExploring Exploitations: The Netherlands and Colonial Indonesia 1870-1940
_c Pierre van der Eng
650 0 4 _aImperio Holandés
_9159482
773 0 _tRevista de Historia Economica
_gvol. 16, nº. 1, 1998, págs. 291-321
_wRev701
942 _cAR
999 _c531392
_d531392